000 00308nam a22001337a 4500
020 _a9783464907503
041 _aeng
080 _a62
090 _bSTE
100 _aStern-Verlag, Janssen and Co.
245 _aCDs und Disketten: Software (ohne Audio-CDs); 5500 Titel.
650 _aGerman
999 _c277758
_d277758
942 _cBK